000 00458nam a2200145Ia 4500
008 230917s9999||||xx |||||||||||||| ||und||
040 _e80867
_aMAIN
041 _aEnglish
082 _a342.7 B946P
100 _aBatra, Manjula
245 0 _aProtection of human rights in criminal justice administration: A study of the rights of accused in Indian and Soviet legal systems
260 _aNew Delhi
_bDeep & Deep
_c1989
300 _axvi, 251 p.
942 _cBK
999 _c67685
_d67685